000 00718nam a2200229Ia 4500
003 GCL
008 140319s9999 xx 000 0 ara d
040 _aGCL /
_cGCL
082 0 4 _aق
_b610.931
_bح ط
100 1 _aحسن كمال
245 1 0 _aكتاب الطب المصرى القديم /
_cحسن كمال
250 _aالاولى
260 _aالقاهرة :
_bمكتبة مدبولى ،
_c1991
300 _a297 ص ؛
_c24 سم
490 _aصفحات من تاريخ مصر الفرعونية
_v0
650 0 4 _aمصر
650 0 4 _aتاريخ
650 0 4 _aمصر القديمة
650 0 4 _aالحضارة الفرعونية
650 0 4 _aالطب المصرى القديم
942 _2ddc
_cBK
999 _c57995
_d57995